| 000 -LEADER |
| fixed length control field |
00642nam a2200241Ia 4500 |
| 001 - CONTROL NUMBER |
| control field |
21453 |
| 003 - CONTROL NUMBER IDENTIFIER |
| control field |
GE_BSU |
| 005 - DATE AND TIME OF LATEST TRANSACTION |
| control field |
20211111150735.0 |
| 008 - FIXED-LENGTH DATA ELEMENTS--GENERAL INFORMATION |
| fixed length control field |
181216s1990||||enk|||||||||||||| ||eng|| |
| 020 ## - INTERNATIONAL STANDARD BOOK NUMBER |
| International Standard Book Number |
9783878607106 |
| 040 ## - CATALOGING SOURCE |
| Transcribing agency |
GE_BSU |
| 080 ## - UNIVERSAL DECIMAL CLASSIFICATION NUMBER |
| Universal Decimal Classification number |
2-1 A-12 |
| 100 ## - MAIN ENTRY--PERSONAL NAME |
| Personal name |
Abd-Ru-Shin |
| 9 (RLIN) |
12901 |
| 245 ## - TITLE STATEMENT |
| Title |
Im Lichte Der Wahrheit : |
| Remainder of title |
Gralbotschaft / |
| Statement of responsibility, etc. |
Abd-Ru-Shin. |
| 264 ## - PRODUCTION, PUBLICATION, DISTRIBUTION, MANUFACTURE, AND COPYRIGHT NOTICE |
| Place of production, publication, distribution, manufacture |
Stuttgart : |
| Name of producer, publisher, distributor, manufacturer |
Stiftung Gralsbotschaft, |
| Date of production, publication, distribution, manufacture, or copyright notice |
1990. |
| 300 ## - PHYSICAL DESCRIPTION |
| Extent |
1097 p. ; |
| Dimensions |
24 cm. |
| 653 ## - INDEX TERM--UNCONTROLLED |
| keyword |
Im Lichte Der Wahrheit |
| 653 ## - INDEX TERM--UNCONTROLLED |
| keyword |
Gralbotschaft |
| 653 ## - INDEX TERM--UNCONTROLLED |
| keyword |
Религия |
| 653 ## - INDEX TERM--UNCONTROLLED |
| keyword |
რელიგია |
| 942 ## - ADDED ENTRY ELEMENTS (KOHA) |
| Koha item type |
წიგნი |
| Source of classification or shelving scheme |
|